00596nam a22002057a 450000100060000000300090000600500170001500800410003202000150007304000280008808200160011610000350013224500360016725000120020326000560021530000270027150400510029865000190034965000220036811746BD-DhUAP20200129152659.0200129s2013 enk b 001 0 eng d a8185353336 aDLCcDLCdBD-DhUAPbEng00223a340 DIA1 aDias, Reginald Walter Michael.10aJurisprudence /cR. W. M. Dias. a5th ed. aNew Delhi :bAditya Books,cc1985 [Reprinted 1994]. axxvi, 520 p. ;c24 cm. aIncludes bibliographical references and index. 0aJurisprudence. 0aLawvPhilosophy.